000 01073cam a2200277 a 4500
999 _c648
_d648
001 544903
003 SCU
005 20190910123846.0
008 110922r20112009nyub j 000 1 eng d
020 _a9780312547974 (pbk.)
040 _dSCU
_cKH8
042 _anbic
082 _aFIC SED
100 1 _aSedgwick, Marcus.
_eauthor
245 1 0 _aRevolver /
_cMarcus Sedgwick.
250 _a1st Square Fish ed.
260 _aNew York :
_bSquare Fish,
_c2011, c2009.
300 _a204 p. :
_bmap ;
_c21 cm.
500 _aOriginally published: London : Orion Children's Books, 2009. With additional material.
500 _aInclude author's note and interview.
520 _aTeenaged Sig Andersson, who lives in an isolated cabin in the Arctic Circle, confronts a stranger who has come to take revenge on Sig's dead father for his actions when the two men knew each other during the Alaska Gold Rush.
650 0 _aFathers and sons
_vJuvenile fiction.
650 0 _aRevenge
_vJuvenile fiction.
651 0 _aAlaska
_xHistory
_y1867-1959
_vJuvenile fiction.
942 _2ddc
_cFIC